Principles of biochemistry (Record no. 8584)

000 -LEADER
fixed length control field 00232nam a22001217a 4500
040 ## - CATALOGING SOURCE
Transcribing agency SK
082 ## - DEWEY DECIMAL CLASSIFICATION NUMBER
Classification number 574
100 ## - MAIN ENTRY--AUTHOR NAME
Personal name DAVID L
245 ## - TITLE STATEMENT
Title Principles of biochemistry
260 ## - PUBLICATION, DISTRIBUTION, ETC. (IMPRINT)
Place of publication DAMAGE
Name of publisher DAV
Year of publication NA
300 ## - PHYSICAL DESCRIPTION
Number of Pages 482p.
942 ## - ADDED ENTRY ELEMENTS (KOHA)
Koha item type សៀវភៅភាសាអង់គ្លេស

No items available.

មជ្ឈមណ្ឌលឯការនៃសាកលវិទ្យាល័យភូមិន្ទកសិកម្មចំការដូង

Powered by Koha